000 00540nam a2200229 a 4500
001 nice12345678
003 IN_TiNIC
005 20260116015145.0
008 070726s1989 hyda grp 000 0 tel
020 _a
_c15
082 0 0 _a294.5924
_bVIN2
100 _aVinoba, Bhave
245 _aGita Pravachanamulo
260 _aHyderabad
_bGandhi Darsan
_c1989
300 _a356p
500 _aincludes index and biblioraphy
650 _aBhagavad Gita
700 1 _aVinoba, Bhave
902 _bSRS
942 _cBK
999 _c18544
_d18544